| 000 -LEADER |
| fixed length control field |
00661nam a22001337a 4500 |
| 040 ## - CATALOGING SOURCE |
| Transcribing agency |
RUA |
| 082 ## - DEWEY DECIMAL CLASSIFICATION NUMBER |
| Classification number |
AGR KEU 2022 B1.410 Or.1 |
| 100 ## - MAIN ENTRY--AUTHOR NAME |
| Personal name |
KEUN PHIRUN , កឺន ភីរុន |
| 245 ## - TITLE STATEMENT |
| Title |
Adaptability of different chili pepper (Capsicum annum) varieties in rainy season condition, ភាពបន្ស៊ាំនៃពូជម្ទេសដៃនាងផ្សេងៗគ្នា (Capsicum annum)ក្នុងលក្ខខណ្ឌរដូវវស្សា |
| 260 ## - PUBLICATION, DISTRIBUTION, ETC. (IMPRINT) |
| Place of publication |
PHNOM PENH |
| Name of publisher |
RUA |
| Year of publication |
2022 |
| 300 ## - PHYSICAL DESCRIPTION |
| Number of Pages |
x, |
| Other physical details |
ill, |
| Dimensions |
29cm, |
| 856 ## - ELECTRONIC LOCATION AND ACCESS |
| Uniform Resource Identifier |
https://drive.google.com/file/d/1WBvzVQEJ_jIzGrybDnxU8_9UaOCVfhDP/view?usp=sharing |
| 942 ## - ADDED ENTRY ELEMENTS (KOHA) |
| Koha item type |
AGR |
| 952 ## - LOCATION AND ITEM INFORMATION (KOHA) |
| Withdrawn status [LOCAL, KOHA] |
0 |
| 952 ## - LOCATION AND ITEM INFORMATION (KOHA) |
| Withdrawn status [LOCAL, KOHA] |
0 |
| 952 ## - LOCATION AND ITEM INFORMATION (KOHA) |
| Withdrawn status [LOCAL, KOHA] |
0 |